La lucha por el reconocimiento en Hegel : (Record no. 90745)
[ view plain ]
| 000 -LEADER | |
|---|---|
| campo de control de longitud fija | 01186cas a2200229Ia 4500 |
| 001 - NÚMERO DE CONTROL | |
| campo de control | 47357 |
| 005 - FECHA Y HORA DE LA ÚLTIMA TRANSACCIÓN | |
| campo de control | 20230410132941.0 |
| 008 - DATOS DE LONGITUD FIJA--INFORMACIÓN GENERAL | |
| campo de control de longitud fija | 940125c2010 ck ar 0 b0spa d |
| 020 ## - NÚMERO INTERNACIONAL ESTÁNDAR DEL LIBRO | |
| Número Internacional Estándar del Libro | 9789587143591 |
| 041 ## - CÓDIGO DE IDIOMA | |
| Código de lengua del texto/banda sonora o título independiente | spa |
| 049 ## - FONDOS LOCALES (OCLC) | |
| Biblioteca depositaria | GRAL |
| 050 14 - SIGNATURA TOPOGRÁFICA DE LA BIBLIOTECA DEL CONGRESO | |
| Número de clasificación | B 2948 |
| Número de ítem | R397l 2010 |
| 100 1# - ENTRADA PRINCIPAL--NOMBRE DE PERSONA | |
| Nombre de persona | Rendón Arroyave, Carlos Emel |
| 245 13 - MENCIÓN DEL TÍTULO | |
| Título | La lucha por el reconocimiento en Hegel : |
| Resto del título | Génesis y significado / |
| Mención de responsabilidad, etc. | Carlos Emel Rendón Arroyave |
| 260 ## - PUBLICACIÓN, DISTRIBUCIÓN, ETC. | |
| Lugar de publicación, distribución, etc. | Medellín : |
| Nombre del editor, distribuidor, etc. | Editorial Universidad de Antioquia, |
| Fecha de publicación, distribución, etc. | 2010 |
| 300 ## - DESCRIPCIÓN FÍSICA | |
| Extensión | xxviii, 210 p. |
| 520 ## - RESUMEN, ETC. | |
| Sumario, etc. | Se busca examinar, en los textos de Hegel anteriores a la Fenomenologia del Espíritu, la forma como la lucha por el reconocimiento se relaciona con la configuración de la eticidad absoluta, es decir, con el estado en el cual el individuo es reconocido, tanto por otro singular, como por la comunidad a la cual pertenece. Para ello se analizan las diferencias que existen entre los diversos textos, así como sus continuidades, con el fin de comprender mejor el concepto de lo ético que subyace a todos ellos. |
| 600 10 - PUNTO DE ACCESO ADICIONAL DE MATERIA--NOMBRE DE PERSONA | |
| Nombre de persona | Hegel, Georg Wilhelm Friedrich, |
| Fechas asociadas al nombre | 1770-1831. |
| 650 #0 - PUNTO DE ACCESO ADICIONAL DE MATERIA--TÉRMINO DE MATERIA | |
| Término de materia o nombre geográfico como elemento de entrada | Phenomenology. |
| 942 ## - ELEMENTOS DE ENTRADA SECUNDARIOS (KOHA) | |
| Fuente del sistema de clasificación o colocación | Clasificación de Library of Congress |
| Tipo de ítem Koha | |
| 946 ## - PROCESAMIENTO DE INFORMACIÓN LOCAL (OCLC) | |
| a | YSL |
| Estatus retirado | Estado de pérdida | Fuente del sistema de clasificación o colocación | Estado de daño | No para préstamo | Colección | Biblioteca de origen | Biblioteca actual | Ubicación en estantería | Fecha de adquisición | Signatura topográfica completa | Código de barras | Visto por última vez | Copia número | Tipo de ítem Koha |
|---|---|---|---|---|---|---|---|---|---|---|---|---|---|---|
| Clasificación de Library of Congress | Humanidades | Biblioteca Juan Bosch | Biblioteca Juan Bosch | Humanidades (4to. Piso) | 10/04/2023 | B 2948 R397l 2010 | 00000075502 | 17/11/2018 | 1 |
